00704 2200169 4500245009000000020001800090250001100108100002500119700002700144005001900171260004200190041001400232084001100246300002300257500024500280336000900525 aFuniculi Funicula 2 b : Kisah-kisah yang Baru TerungkapcKawaguchi, ToshikazuhText a9786020663845 aCet. 6 aKawaguchi, Toshikazu aAsri Pratiwi Wulandari a20240813085200 aJakartabGramedia Pustaka Utamac2023 aIndonesia a808.83 a200 hlm. :c20 cm. aFuniculi Funicula, sebuah kafe di gang sempit di Tokyo, masih kerap didatangi orang-orang yang ingin menjelajah waktu. Peraturan-peraturan yang merepotkan masih berlaku, tetapi itu semua tidak menyurutkan harapan mereka untuk memutar waktu. atext